000 00329nam a2200145Ia 4500
005 20251222141811.0
008 251222s9999||||xx |||||||||||||| ||spa||
020 _a9789972052897
082 _a261.835.85/B45
100 _aS.S. Francisco
245 0 _aAmoris Laetitia:
250 _a1ra.ed.
264 _bPaulinas
942 _cLIB
999 _c6484
_d6484